Statistiques concernant Pays commençant par la lettre B

Cliquez ici pour prendre le quiz!

Statistiques générales

  • Ce quiz a été pris 291 fois
  • Le résultat moyen est 10 sur 17

Statistiques - réponses

Pays% Correct
Belgique
88%
Bolivie
74%
Birmanie
72%
Brésil
71%
Bhoutan
67%
Biélorussie
65%
Bulgarie
64%
Bénin
62%
Brunei
62%
Burkina Faso
61%
Belize
59%
Bosnie-Herzégovine
59%
Bahamas
58%
Barbade
57%
Bangladesh
56%
Bostwana
18%
Burwundi
0%

Distribution des résultats

Percentile par nombre de réponses

% des personnes avec chaque résultat

Votre développement - résultats

Vous n’avez pas pris ce quiz